000 01036nam a22002777a 4500
001 04731
003 HDC
007 cr bn ---
008 210117b20122012xxu||||| |||| 00| 0 eng d
022 _a1558-1489
040 _aHDC
100 _aLevin-Waldman, Owen
_eauthor
_94914
245 0 _aWage Policy as an Essential Ingredient in Job Creation
_c/ Oren Levin-Waldman
260 _aUnited States:
_bM.E. Sharpe (Routledge),
_c2012
300 _a1 online resource (28 pages)
336 _atext
_2rdacontent
337 _acomputer
_2rdamedia
338 _aonline resource
_2rdacarrier
500 _aExtract from: Challenge, 2012, volume 55, number 6 (pages 26-52)
650 _aWages and labor productivity
_zUnited States
_94916
650 _aWages
_xCost-of-living adjustments
_zUnited States
_94915
856 _zRequest full-text at [email protected]
942 _2lcc
942 _cAR
942 _kJART 002618
999 _c2056
_d2056